| 000 | 00740nam a22002417a 4500 | ||
|---|---|---|---|
| 005 | 20170124105926.0 | ||
| 010 | _aB-80003 | ||
| 020 | _c00.00 | ||
| 035 | _aB-80003 | ||
| 037 | _bCen Lib/Ret | ||
| 040 |
_aDPL _bEN |
||
| 082 |
_a330.126 _bECO |
||
| 245 |
_aEconomics of Amartya Sen / _cedited by Ajit Kumar Sinha [and] Raj Kumar Sen |
||
| 260 |
_aNew Delhi _bDeep and Deep Publications _c2001 |
||
| 270 |
_aF-159, Rajouri Garden _bNew Delhi _e110027 |
||
| 300 |
_axx,268p. _c21cm(Hb) |
||
| 500 | _aIncludes index | ||
| 650 |
_aEconomic history--ethics _973080 |
||
| 650 |
_aSen, Amartya,--1933- _96497 |
||
| 700 |
_aSinha, Ajit Kumar _96500 |
||
| 700 |
_aSen, Raj Kumar _973081 |
||
| 942 |
_2ddc _cEN _h330.126 _mECO |
||
| 999 |
_c123497 _d123497 |
||